000 00657nam a2200169 i 4500
001 72939
003 ES-MaACL
005 20230906171619.0
007 t|
008 040903s1907 sp ||||1| spa d
100 1 _aGómez Adanza, Manuel.
_957804
245 1 0 _aPatriotismo racional y práctico en Galicia
_b: conferencia dada en la Coruña ante la R. Academia de Bellas Artes, en e Salón del Círculo de Artesanos, el 23 de febrero de 1907 /
_cpor Manuel Gómez Adanza.
260 _aVergara :
_b[s.n.],
_c1907 (
_fTip. de El Santísimo Rosario)
300 _a43 p. ;
_c21 cm.
650 0 4 _aRegionalismo-
_zGalicia.
_916753
852 _aES-MaACL
_jT-726-F-1
999 _c72939
_d72939